Toki Pona Word Quiz - Statistics

General Stats
  • This quiz has been taken 1,706 times
  • The average score is 51 of 120
Answer Stats
Hint Answer % Correct
adds emphasis or emotion a
95%
particle that marks the direct object e
81%
no, not, zero ala
79%
particle that introduces a verb li
79%
vocative or imperative particle o
77%
all, abundant, every, 100 ale
74%
I, me, we, us, my, our mi
73%
particle between context phrase and main sentence la
72%
human, person, somebody jan
70%
yellow jelo
69%
animal noise mu
68%
bad, negative, irrelevant ike
67%
non-cute animal; reptile, amphibian akesi
65%
thing, object ijo
65%
earth, land, outdoors, territory, soil ma
65%
tool, machine, device ilo
62%
and (between multiple subjects) en
59%
fish, marine animal kala
59%
or anu
58%
this, that, these, those ni
58%
good, simple, positive pona
58%
of pi
57%
fruit, vegetable, mushroom kili
56%
have, contain, hold jo
55%
little, short, young, few lili
55%
eat, drink, food moku
55%
hunt, forage alasa
54%
disgusting, obscene, unclean, toxic jaki
52%
to be able to, can, possible ken
52%
clay, dough, paste, powder ko
52%
community, group kulupu
52%
many, much, several, quantity mute
52%
he, him, his, she, her, hers, it, its, they, them, their, theirs ona
52%
new, fresh, another, extra sin
52%
clothing, fabric, cover len
51%
communicate, say, speak, talk, think toki
51%
different, changed, other ante
48%
plant, vegetation, leaf kasi
48%
sleep, rest lape
48%
eye, look, examine, try to lukin
48%
parent, creator, caretaker mama
48%
produce sound, utter aloud kalama
47%
arriving, become, manage to, coming, future kama
47%
arm, hand, five luka
47%
enduring, kept, protected, safe, staying, continue awen
46%
man, masculine mije
46%
red loje
45%
located at, present, real, true lon
45%
woman, feminine meli
45%
center, content, inside, internal organ, between insa
44%
to use, with, by means of kepeken
44%
ear, hear, listen, obey kute
44%
crazy, strange, stupid, drunk nasa
44%
you, your, yours sina
44%
hard object, metal, rock kiwen
43%
blue, green laso
43%
moon, star, celestial object mun
43%
market, shop, business transaction esun
42%
air, breath, spirit kon
42%
colorful, pigmented kule
42%
bowing down, downward, lowly, defeat anpa
41%
flat object, document, book, paper lipu
41%
number nanpa
41%
money, cash, wealth, large domesticated animal mani
39%
die, death, dead moli
39%
word, name nimi
39%
cold, raw lete
38%
entertaining, fun, art, play, recreation musi
38%
make, do, work, build, prepare pali
38%
the official Toki Pona book pu
38%
two tu
38%
head, mind, control, guide, rule lawa
37%
long and flexible thing, cord, rope, hair linja
36%
love, respect, show affection to olin
36%
grain, cereal, bread, pasta pan
35%
insect, spider pipi
35%
water, liquid telo
35%
one, unique, united wan
34%
hill, bump, nose nena
33%
leg, lower part, foot noka
33%
break, stop working, mess up, damage pakala
33%
animal, beast, land mammal soweli
33%
behind, back monsi
32%
way, path, manner nasin
32%
to begin, start, open open
32%
big, large, heavy, long, tall, important, adult suli
32%
feel, heart pilin
31%
dark, black pimeja
31%
know, skill, wise, information sona
29%
sun, light, brightness, glow suno
29%
going to, towards, moving tawa
29%
door, hole, orifice lupa
28%
what, which seme
28%
give, send, release pana
27%
fire, cook, heat seli
27%
strong, powerful, confident wawa
27%
long hard thing palisa
26%
sacred, above, divine sewi
26%
bird, flying creature waso
26%
sweet, good-smelling, cute, innocent suwi
25%
building, home, house, indoor tomo
25%
sex, marriage, relationship unpa
25%
want, need, require, must, should wile
25%
past, finished, ago pini
24%
mouth, lips, jaw uta
24%
same, similar, as, like, sibling, peer sama
23%
time, duration, moment, occasion tenpo
23%
side, hip, next to, nearby poka
22%
container, vessel, bag, bowl poki
22%
image, picture, symbol, writing sitelen
22%
body, physical state, torso sijelo
20%
pale, white walo
20%
by, from, because of tan
19%
fight, battle, challenge utala
19%
round thing, circle, ball, wheel, year sike
18%
but, however, only taso
18%
face, front, wall sinpin
17%
horizontal surface, table supa
16%
absent, away weka
16%
outer form, outer layer, bark, peel, skin selo
14%
No matching quizzes found
Score Distribution
Percent of People with Each Score
Percentile by Number Answered
Your Score History
You have not taken this quiz